| Tag |
First Indicator |
Second Indicator |
Subfields |
| LEADER |
00000cam a2200000 4500 |
| 001 |
in00003465166 |
| 005 |
20151206104751.0 |
| 008 |
751020m19801982gw d 000 0 ger |
| 010 |
|
|
|a 70425031
|
| 035 |
|
|
|a (OCoLC)ocm01718548
|
| 040 |
|
|
|a DLC
|c FHM
|d TNY
|d UtOrBLW
|
| 090 |
|
|
|a PF3625
|b .W622 1980
|
| 245 |
0 |
0 |
|a Wörterbuch der deutschen Gegenwartssprache /
|c hrsg. von Ruth Klappenbach und Wolfgang Steinitz.
|
| 250 |
|
|
|a Zehnte, Bearbeitete Aufl.
|
| 264 |
|
1 |
|a Berlin :
|b Akademie-Verlag,
|c 1980-1982.
|
| 300 |
|
|
|a 6 volumes ;
|c 26 cm.
|
| 336 |
|
|
|a text
|b txt
|2 rdacontent
|
| 337 |
|
|
|a unmediated
|b n
|2 rdamedia
|
| 338 |
|
|
|a volume
|b nc
|2 rdacarrier
|
| 500 |
|
|
|a At head of title: Akademie der Wissenchaften der DDR. Zentralinstinstitut für Sprachwissenschaft.
|
| 505 |
0 |
|
|a v. 1. A-Deutsch. (10th ed., 1980)--v. 2. Deutsch-Glaube. (7th ed., 1976)--v. 3. Glauben-Lyzeum. (6th ed., 1984)--v. 4. M-Schinken. (5th ed., 1977)--v. 5. Schinken-Vater. (4th ed., 1980)--v. 6. Väterlich-Zytologie (3rd ed., 1977.)
|
| 650 |
|
0 |
|a German language
|v Dictionaries.
|
| 700 |
1 |
|
|a Klappenbach, Ruth.
|
| 700 |
1 |
|
|a Steinitz, Wolfgang,
|d 1905-1967.
|
| 710 |
2 |
|
|a Akademie der Wissenschaften der DDR.
|b Institut für Sprachwissenschaft.
|
| 999 |
|
|
|a MARS
|
| 999 |
f |
f |
|s 534eb75c-1723-3bcb-96e3-61ee53f19006
|i 55bd2460-d9c1-31f5-9fdb-34e14f59dad9
|t 0
|
| 952 |
f |
f |
|p ric
|a Texas A&M University
|b Rellis Campus
|c Joint Library Facility
|d Remote Storage
|t 0
|e PF3625 .W622 1980
|h Library of Congress classification
|i unmediated -- volume
|k v.3
|m 32060006044685
|
| 952 |
f |
f |
|p ric
|a Texas A&M University
|b Rellis Campus
|c Joint Library Facility
|d Remote Storage
|t 0
|e PF3625 .W622 1980
|h Library of Congress classification
|i unmediated -- volume
|k v.5
|m 32060006044800
|
| 952 |
f |
f |
|p ric
|a Texas A&M University
|b Rellis Campus
|c Joint Library Facility
|d Remote Storage
|t 0
|e PF3625 .W622 1980
|h Library of Congress classification
|i unmediated -- volume
|k v.4
|m 32060006044743
|
| 952 |
f |
f |
|p ric
|a Texas A&M University
|b Rellis Campus
|c Joint Library Facility
|d Remote Storage
|t 0
|e PF3625 .W622 1980
|h Library of Congress classification
|i unmediated -- volume
|k v.1
|m 32060000487096
|
| 952 |
f |
f |
|p ric
|a Texas A&M University
|b Rellis Campus
|c Joint Library Facility
|d Remote Storage
|t 0
|e PF3625 .W622 1980
|h Library of Congress classification
|i unmediated -- volume
|k v.2
|m 32060006044974
|
| 952 |
f |
f |
|p ric
|a Texas A&M University
|b Rellis Campus
|c Joint Library Facility
|d Remote Storage
|t 0
|e PF3625 .W622 1980
|h Library of Congress classification
|i unmediated -- volume
|k v.6
|m 32060006044867
|
| 998 |
f |
f |
|a PF3625 .W622 1980
|t 0
|l Remote Storage
|